[Event "Chicago Open 2008 (u2300)"]
[Site "Wheeling, IL"]
[Date "2008.05.23"]
[Round "1"]
[White "Daly, Troy"]
[Black "Formanek, Edward"]
[Result "0-1"]
[WhiteElo "2157"]
[BlackElo "2281"]
[PlyCount "34"]
[EventDate "2008.05.??"]
[SourceDate "2008.05.24"]

1. e4 e6 2. Nf3 d5 3. Nc3 Nf6 4. e5 Nfd7 5. d4 c5 6. dxc5 Nc6 7. Bf4 Be7 8. Be2
a6 9. O-O g5 10. Bg3 h5 11. h3 Bxc5 12. Qd2 g4 13. hxg4 hxg4 14. Nh2 Ndxe5 15.
Nxg4 Nxg4 16. Bxg4 Rg8 17. Bh5 Qg5 0-1

[Event "Chicago Open 2008 (u2300)"]
[Site "Wheeling, IL"]
[Date "2008.05.23"]
[Round "1"]
[White "Hortillosa, Andres"]
[Black "Chow, Albert"]
[Result "0-1"]
[WhiteElo "1900"]
[BlackElo "2200"]
[PlyCount "69"]
[EventDate "2008.05.??"]
[SourceDate "2008.05.24"]

1. e4 c5 2. Nc3 Nc6 3. f4 g6 4. Nf3 Bg7 5. Bc4 e6 6. O-O Nge7 7. Qe1 O-O 8. d3
d5 9. Bb3 Na5 10. Qh4 c4 11. dxc4 dxc4 12. Ba4 a6 13. Be3 b5 14. Bxb5 axb5 15.
Nxb5 Nec6 16. Qf2 Ba6 17. Rad1 Qb8 18. Nc3 Qxb2 19. Na4 Qb7 20. Nc5 Qc8 21. e5
c3 22. Ne4 Bxf1 23. Nf6+ Bxf6 24. exf6 Rd8 25. Rxf1 Rd5 26. g4 Nc4 27. Bc1 Nd2
28. Bxd2 cxd2 29. Nxd2 Ra4 30. g5 Qd8 31. Nb1 Rf5 32. Qh4 e5 33. Nc3 Raxf4 34.
Rxf4 Rxf4 35. Qh6 0-1

[Event "Chicago Open 2008 (u2300)"]
[Site "Wheeling, IL"]
[Date "2008.05.24"]
[Round "2"]
[White "Hanken, Jerry"]
[Black "Mattson, Dane"]
[Result "0-1"]
[WhiteElo "2200"]
[BlackElo "2042"]
[PlyCount "82"]
[EventDate "2008.05.??"]
[SourceDate "2008.05.24"]

1. c4 e5 2. g3 Nc6 3. Bg2 Nf6 4. Nc3 Bc5 5. e3 O-O 6. Nge2 d6 7. O-O a6 8. a3
Ne7 9. d4 Ba7 10. b4 c6 11. Bb2 Be6 12. d5 cxd5 13. cxd5 Bd7 14. Qd2 Rc8 15.
Rfc1 Qb6 16. h3 Rc4 17. Bf1 Rfc8 18. Kh2 Qd8 19. Ng1 R4c7 20. a4 Bb6 21. Nf3 a5
22. Ba3 Bf5 23. g4 Ne4 24. Nxe4 Bxe4 25. Ng5 Rxc1 26. Rxc1 Rxc1 27. Qxc1 Bxd5
28. bxa5 Bxa5 29. e4 Bc6 30. Bc4 Be8 31. Qd1 Ng6 32. Nxf7 Bxf7 33. Bxf7+ Kxf7
34. Qd5+ Ke7 35. h4 Ke8 36. Qg8+ Kd7 37. Qxg7+ Qe7 38. Qxe7+ Kxe7 39. h5 Nf4
40. Kg3 Be1 41. Bc1 Ne2+ 0-1

[Event "Chicago Open 2008 (u2300)"]
[Site "Wheeling, IL"]
[Date "2008.05.24"]
[Round "2"]
[White "Velikanov, Alexander"]
[Black "Wright, William"]
[Result "1-0"]
[WhiteElo "2028"]
[BlackElo "2207"]
[PlyCount "81"]
[EventDate "2008.05.??"]
[SourceDate "2008.05.24"]

1. e4 e6 2. d3 c5 3. Nd2 Nc6 4. Ngf3 d5 5. g3 Nf6 6. Bg2 Be7 7. O-O O-O 8. Re1
b5 9. e5 Nd7 10. Nf1 a5 11. h4 b4 12. Bf4 Ba6 13. Ne3 Nd4 14. Ng5 h6 15. Qh5
hxg5 16. hxg5 g6 17. Qh4 Nb6 18. Kh2 Re8 19. Rh1 Bf8 20. Kg1 Bg7 21. Qh7+ Kf8
22. Ng4 Nf5 23. Nh6 Ne7 24. g4 Qd7 25. Rh3 Bb7 26. Bh2 d4 27. Be4 Bxe4 28. dxe4
Nc6 29. Rf3 Nd8 30. Qg8+ Ke7 31. Qxg7 Rf8 32. Ng8+ Rxg8 33. Qxg8 Qc6 34. Re1
Nc4 35. Rf6 Nxb2 36. f4 d3 37. cxd3 Nxd3 38. f5 Nxe1 39. fxe6 Qxe4 40. Rxf7+
Kxe6 41. Rf4+ 1-0

[Event "Chicago Open 2008 (u2300)"]
[Site "Wheeling, IL"]
[Date "2008.05.24"]
[Round "3"]
[White "Cardona, Yulia"]
[Black "Velikanov, Alexander"]
[Result "1-0"]
[WhiteElo "2179"]
[BlackElo "2028"]
[PlyCount "61"]
[EventDate "2008.05.??"]
[SourceDate "2008.05.24"]

1. e4 c5 2. Nf3 d6 3. d4 cxd4 4. Nxd4 Nf6 5. Nc3 a6 6. Bc4 e6 7. Bb3 b5 8. f3
Nbd7 9. Be3 Bb7 10. Qd2 Nc5 11. O-O Be7 12. Nce2 O-O 13. c3 d5 14. e5 Nfd7 15.
f4 f6 16. exf6 Nxf6 17. Bc2 Qd7 18. Ng3 Bd6 19. Qe2 Rae8 20. Nf3 Ng4 21. Bxh7+
Kh8 22. Ng5 e5 23. f5 Nxe3 24. Qh5 g6 25. Bxg6+ Kg8 26. f6 Nxf1 27. f7+ Rxf7
28. Bxf7+ Kf8 29. Rxf1 Ke7 30. Bxe8 Qxe8 31. Nf5+ 1-0

[Event "Chicago Open 2008 (u2300)"]
[Site "Wheeling, IL"]
[Date "2008.05.24"]
[Round "3"]
[White "Hortillosa, Andres"]
[Black "Strunk, Adam"]
[Result "1/2-1/2"]
[WhiteElo "1900"]
[BlackElo "2127"]
[PlyCount "84"]
[EventDate "2008.05.??"]
[SourceDate "2008.05.24"]

1. d4 Nf6 2. Nf3 g6 3. Bg5 Ne4 4. Bf4 Bg7 5. c3 d5 6. Nfd2 Nf6 7. e3 Nbd7 8.
Be2 c5 9. a4 O-O 10. O-O Re8 11. Na3 a6 12. b4 b6 13. a5 cxb4 14. cxb4 b5 15.
Rc1 e5 16. dxe5 Nxe5 17. Nb3 Qe7 18. Nc2 Nc4 19. Nc5 Ne4 20. Nxe4 dxe4 21. Bxc4
bxc4 22. Bd6 Qf6 23. Bc5 Qg5 24. f4 exf3 25. Qxf3 Be6 26. Rf2 Bd5 27. Qf4 Qh5
28. Bd4 Re4 29. Qf3 Rg4 30. Qe2 Bf8 31. Be5 Re8 32. Bg3 Qg5 33. Rd1 Rxg3 34.
hxg3 Bd6 35. Qd2 Re5 36. e4 Qxg3 37. Rf3 Qh4 38. Qf4 Qe7 39. exd5 Re2 40. Qg4
Rxc2 41. Rdf1 f5 42. Rxf5 Qe3+ 1/2-1/2

[Event "Chicago Open 2008 (u2300)"]
[Site "Wheeling, IL"]
[Date "2008.05.25"]
[Round "4"]
[White "Velikanov, Alexander"]
[Black "Mensing, Fabio"]
[Result "1-0"]
[WhiteElo "2028"]
[BlackElo "2228"]
[PlyCount "81"]
[EventDate "2008.05.??"]
[SourceDate "2008.05.24"]

1. e4 Nf6 2. e5 Nd5 3. c4 Nb6 4. d4 d6 5. exd6 cxd6 6. Nc3 g6 7. Be3 Bg7 8. Rc1
O-O 9. b3 Bf5 10. h3 d5 11. c5 Nc8 12. b4 e5 13. a3 exd4 14. Bxd4 Re8+ 15. Be2
Bh6 16. Ra1 Nc6 17. Nf3 Nxd4 18. Nxd4 Bg7 19. O-O Bxh3 20. gxh3 Qh4 21. Bg4 f5
22. Nf3 Qd8 23. Qxd5+ Qxd5 24. Nxd5 fxg4 25. Nc7 Bxa1 26. Nxe8 Bb2 27. hxg4
Bxa3 28. Nc7 Rb8 29. Nd5 a5 30. bxa5 Bxc5 31. Rc1 Bd6 32. Nf6+ Kf7 33. Nxh7 Ne7
34. Nhg5+ Kg7 35. Ne4 Bf4 36. Rb1 Nc6 37. Nc5 Nd8 38. Nd4 Kf7 39. Nxb7 Ke7 40.
a6 Nxb7 41. Nc6+ 1-0

[Event "Chicago Open 2008 (u2300)"]
[Site "Wheeling, IL"]
[Date "2008.05.25"]
[Round "4"]
[White "Vulis, Daniel"]
[Black "Hortillosa, Andres"]
[Result "0-1"]
[WhiteElo "1987"]
[BlackElo "1900"]
[PlyCount "69"]
[EventDate "2008.05.??"]
[SourceDate "2008.05.24"]

1. e4 c5 2. Nc3 g6 3. g3 Bg7 4. Bg2 Nc6 5. d3 d6 6. Be3 Nf6 7. Qc1 h5 8. h3 Bd7
9. Nf3 Rb8 10. d4 cxd4 11. Nxd4 Qa5 12. O-O O-O 13. Rd1 Rbc8 14. Qd2 Kh7 15.
Nb3 Qd8 16. Qe2 Ne5 17. Rd4 a6 18. f4 Nc6 19. Rd2 Qe8 20. Bf2 Be6 21. Nd5 Nd7
22. c3 f5 23. Re1 Bf7 24. exf5 gxf5 25. Nxe7 Nxe7 26. Qxe7 Nf6 27. Qxb7 Qd8 28.
Re7 Kg6 29. Bb6 Rb8 30. Bxd8 Rxb7 31. Rxb7 Rxd8 32. Rb6 d5 33. Rxa6 Bf8 34. Bf3
Kg7 35. Nd4 0-1

[Event "Chicago Open 2008 (u2300)"]
[Site "Wheeling, IL"]
[Date "2008.05.25"]
[Round "4"]
[White "Zorigt, Bayaraa"]
[Black "Daly, Troy"]
[Result "1/2-1/2"]
[WhiteElo "2222"]
[BlackElo "2157"]
[PlyCount "106"]
[EventDate "2008.05.??"]
[SourceDate "2008.05.24"]

1. Nf3 c5 2. c4 Nc6 3. g3 g6 4. Bg2 Bg7 5. Nc3 Nf6 6. O-O O-O 7. d4 cxd4 8.
Nxd4 d6 9. Nxc6 bxc6 10. Bxc6 Bh3 11. Bg2 Bxg2 12. Kxg2 Qc8 13. Qd3 Nd7 14. b3
Qb7+ 15. Kg1 Rfc8 16. Bb2 Ne5 17. Qc2 Rab8 18. Rab1 h5 19. h4 f5 20. Qd2 Qd7
21. Nd5 Kh7 22. Rfd1 e6 23. Nf4 Rc6 24. Nd3 Ng4 25. Bxg7 Qxg7 26. Nf4 Qe5 27.
Nh3 Kg8 28. Ng5 Rf8 29. Nf3 Qe4 30. Qd3 Ra6 31. Rb2 Qc6 32. Rbd2 Rd8 33. Qc2
Qc5 34. Rf1 Rc6 35. Qb2 e5 36. Ng5 d5 37. cxd5 Rxd5 38. Rxd5 Qxd5 39. Qa3 Qc5
40. Qb2 Qc2 41. Qa3 Qc5 42. b4 Qd4 43. e3 Qd7 44. Qb3+ Kg7 45. Rd1 Qe7 46. b5
Rb6 47. Qc4 e4 48. Rd8 Nf6 49. Ra8 Qd7 50. Qc5 Ne8 51. a4 Rb7 52. Qe5+ Nf6 53.
Ne6+ Kf7 1/2-1/2